Главный врач: роман
| Autor principal: | |
|---|---|
| Idioma: | rus |
| Publicat: |
Минск, Мастацкая лiтаратура, 1990
|
| Matèries: | |
| Format: | MixedMaterials Llibre |
| KOHA link: | https://koha.lib.tpu.ru/cgi-bin/koha/opac-detail.pl?biblionumber=146664 |
MARC
| LEADER | 00000nam0a2200000 4500 | ||
|---|---|---|---|
| 001 | 146664 | ||
| 005 | 20231031144729.0 | ||
| 010 | |a 5340008657 | ||
| 035 | |a (RuTPU)RU\TPU\book\158973 | ||
| 090 | |a 146664 | ||
| 100 | |a 20081031d1990 m y0rusy50 ca | ||
| 101 | 0 | |a rus | |
| 102 | |a BY | ||
| 105 | |a y z 000ay | ||
| 200 | 1 | |a Главный врач |e роман |f Т. А. Пантюшенко | |
| 210 | |a Минск |c Мастацкая лiтаратура |d 1990 | ||
| 215 | |a 287 с. | ||
| 610 | 1 | |a советская литература | |
| 610 | 1 | |a романы | |
| 675 | |a Р2 |v 3 | ||
| 700 | 1 | |a Пантюшенко |b Т. А. |g Тихон Антонович | |
| 801 | 1 | |a RU |b 63413507 |c 20081031 |g PSBO | |
| 942 | |c BK | ||